[Event "FRA-chT"]
[Site "FRA"]
[Date "1998.02.07"]
[Round "2"]
[White "Maier, Christian"]
[Black "Vaisser, Anatoli"]
[Result "1/2-1/2"]
[WhiteElo "2380"]
[BlackElo "2595"]

1.e4 c5 2.Nf3 Nc6 3.Bb5 e6 4.O-O Nge7 5.Re1 Nd4 6.Bf1 Nec6 7.c3 Nxf3+ 8.Qxf3 Be7
9.Qd1 d5 10.d3 O-O 11.Nd2 e5 12.exd5 Qxd5 13.Nc4 Be6 14.f4 exf4 15.Bxf4 Rad8
16.Ne3 Qd7 17.Qh5 b6 18.Rad1 Bf6 19.a3 g6 20.Qf3 Bg7 21.d4 cxd4 22.Bb5 Qc8
23.Qxc6 Qxc6 24.Bxc6 dxe3 25.Bxe3 Bb3 26.Rxd8 Rxd8 27.Bg5 f6 28.Bf4 Kf7 29.Kf2 Bf8
30.Bb5 h5 31.h4 Rd5 32.Be8+ Kg7 33.Bc6 Bc5+ 34.Be3 Rd2+ 35.Re2 Bxe3+ 36.Kxe3 Rd6
37.Bf3 g5 38.g3 Bd1 39.Rf2 Re6+ 40.Kd3 Bxf3 41.Rxf3 Kg6 42.c4 f5 43.b4 gxh4
44.gxh4 Re4 45.c5 bxc5 46.bxc5 Kf6 47.Re3 Rxh4 48.c6 Rh1 49.Kd2 Rh2+ 50.Kd3 Rh1
51.Kd2 Rg1 52.Rh3 Rg7 53.Rxh5 Ke5 54.Rh6 Rf7 55.Ke3 a5 56.Kf3 Rc7 57.Rg6 Rh7
58.Kg3 Rh1 59.c7 Rc1 60.Ra6 Rxc7 61.Rxa5+ Ke4 62.Kf2 Rc2+ 63.Kf1 Ra2 64.Rb5 Rxa3
65.Kf2 Ra2+ 66.Kf1 Kf4 67.Rb3 Kg4 68.Rc3 f4 69.Rb3 Ra1+ 70.Kf2 Ra8 71.Rc3  1/2-1/2

[Event "CZE-chT 9798"]
[Site "CZE"]
[Date "1998.02.08"]
[Round "7"]
[White "Talla, Vladimir"]
[Black "Rehak, Martin"]
[Result "1/2-1/2"]
[WhiteElo "2335"]
[BlackElo "2255"]

1.e4 c5 2.Nf3 Nc6 3.Bb5 d6 4.O-O Bd7 5.Re1 a6 6.Bf1 e5 7.c3 Nf6 8.h3 Be7
9.d4 Qc7 10.d5 Nd8 11.b4 b6 12.bxc5 bxc5 13.Nbd2 Nb7 14.Nc4 O-O 15.Rb1 Bb5
16.a4 Bxc4 17.Bxc4 Na5 18.Qd3 Nd7 19.Be3 Nxc4 20.Qxc4 Rfb8 21.Rxb8+ Qxb8
22.Nd2 Qa7 23.Rb1 Rb8 24.Rxb8+ Nxb8 25.Qb3 Nd7 26.Nc4 Qb8 27.Qxb8+ Nxb8 28.f4 f6
29.Kf2 Kf7 30.Kf3 Ke8 31.g3 Kd7 32.Bd2 Bd8 33.Ne3 g6 34.f5 g5 35.Kg4 Ke7
36.Nc4 Nd7 37.Kh5 Nb6 38.Nxb6 Bxb6 39.Kh6 Kf7 40.c4 Kg8 41.Be1 Bd8 42.g4 Be7
43.h4 gxh4 44.Bxh4 Bd8 45.Be1 Kh8 46.Bc3 Kg8 47.Bd2 Kh8 48.g5 fxg5 49.Bxg5 Bxg5+
50.Kxg5 Kg7 51.f6+ Kf7 52.Kh6 Kg8 53.a5 Kh8 54.Kg5 Kg8 55.Kh5 Kf7 56.Kh6 Kxf6
57.Kxh7 Kf7 58.Kh8 Kf8 59.Kh7 Kf7 60.Kh6 Kf6 61.Kh5 Kf7  1/2-1/2

[Event "CZE-chT 9798"]
[Site "CZE"]
[Date "1998.02.08"]
[Round "7"]
[White "Suran, Jan"]
[Black "Choleva, Zdenek"]
[Result "1/2-1/2"]
[WhiteElo "2280"]
[BlackElo "2250"]

1.e4 c5 2.Nf3 Nc6 3.Bb5 Nd4 4.Nxd4 cxd4 5.O-O a6 6.Bd3 e5 7.c3 Bc5 8.b4 Ba7
9.Bb2 dxc3 10.dxc3 d6 11.Nd2 Nf6 12.Nc4 Be6 13.Ne3 Bxe3 14.fxe3 Rc8 15.b5 O-O
16.bxa6 bxa6 17.Bxa6 Ra8 18.Qd3 Qb6 19.Bb5 Bxa2 20.c4 Bxc4 21.Bxc4 Qxb2 22.Bxf7+ Kh8
23.Rxa8 Rxa8 24.Qxd6 Qc3 25.Bd5 Qxe3+ 26.Kh1 Qf2 27.Qf8+ Rxf8 28.Rxf2 g6
29.Kg1 Kg7 30.Ra2 Rd8 31.Ra5 Nxd5 32.exd5 Kf6 33.Kf2 Kf5 34.Ke3 h5 35.h3 h4
36.Rb5 g5 37.Ra5 Rd6 38.Rb5 Ra6 39.Rb8 Ra3+ 40.Kf2 Ra2+ 41.Kf1 Ke4 42.d6 Rd2
43.Rb4+ Kf5 44.Rb6 Kf4 45.Ke1 Rd4 46.Ke2 e4 47.Ra6 Rd5 48.Rb6 Ke5 49.Rb3 Rxd6
50.Ke3 Rd5 51.Rc3 Ra5 52.Rb3 Kf5 53.Rc3 Ra2 54.Rc5+ Kg6 55.Kxe4 Rxg2 56.Rc6+ Kh5
57.Rc3 Rf2 58.Ke3 Rf6 59.Rb3 Kg6 60.Ra3 g4 61.hxg4 Kg5 62.Ra8 h3 63.Rh8 Kxg4
64.Ke2 Rf4 65.Rg8+ Kh4 66.Rh8+ Kg3 67.Rg8+ Kh2 68.Rg7 Ra4 69.Rg8 Ra2+ 70.Kf1 Rg2
71.Rh8 Rg5 72.Rh7 Rg2 73.Rh8 Rg3 74.Kf2 Rg4 75.Rh7 Rf4+ 76.Ke2 Kg2 77.Rg7+ Kh1
78.Rh7 h2 79.Rg7 Rg4  1/2-1/2

[Event "Budapest FS02 GM"]
[Site "Budapest"]
[Date "1998.02.09"]
[Round "3"]
[White "Glek, Igor V"]
[Black "Mikhaletz, Lubomir"]
[Result "1-0"]
[WhiteElo "2550"]
[BlackElo "2435"]

1.e4 c5 2.Nf3 Nc6 3.Bb5 e6 4.O-O Nge7 5.c3 a6 6.Ba4 d5 7.exd5 Qxd5 8.d4 cxd4
9.cxd4 b5 10.Nc3 Qd7 11.Bb3 Bb7 12.Re1 Na5 13.Ne5 Qc7 14.Bf4 Nxb3 15.Qxb3 Qb6
16.Nc4 Qc6 17.Nd6+ Kd7 18.Nce4 Nd5 19.Nc5+ Ke7 20.Bg5+ Kxd6 21.Qg3+  1-0

[Event "Budapest FS02 GM"]
[Site "Budapest"]
[Date "1998.02.11"]
[Round "5"]
[White "Naiditsch, Arkadij"]
[Black "Borocz, Istvan"]
[Result "1-0"]
[WhiteElo "2255"]
[BlackElo "2430"]

1.e4 c5 2.Nf3 Nc6 3.Bb5 g6 4.Bxc6 bxc6 5.O-O Bg7 6.c3 Ba6 7.d3 Nh6 8.Re1 O-O
9.Bg5 f6 10.Be3 d6 11.d4 c4 12.d5 c5 13.Qa4 Bc8 14.Qxc4 Rb8 15.b4 cxb4 16.Bxa7 Ra8
17.Bd4 bxc3 18.Nxc3 Ng4 19.h3 Ne5 20.Nxe5 fxe5 21.Be3 Bf6 22.a4 g5 23.Nb5 g4
24.Nc7 Rb8 25.a5 gxh3 26.a6 Bxa6 27.Nxa6 Rc8 28.Qe2 hxg2 29.Bh6 Qd7 30.Qh5 Bg7
31.Qg5 Rf7 32.Bxg7 Rxg7 33.Qf5 Qxf5 34.exf5 Rc4 35.f6 Rg6 36.fxe7 Kf7 37.Nb8 Rh4
38.f3 Kxe7 39.Kf2 Kf6 40.Ra6 Kg7 41.Nc6 Rc4 42.Ra2 Rh4 43.Ra7+ Kh6 44.Rg1 Rh2
45.Ne7 Rg5 46.Rd7 Kh5 47.Rxd6 h6 48.Re6 e4 49.fxe4 Rg4 50.Re5+ Kh4 51.Nf5+ Kh3
52.Ne3 Rf4+ 53.Ke2 Kg3 54.Rxg2+ Rxg2+ 55.Nxg2 Kxg2 56.d6 Rf8 57.d7 Rd8 58.Rd5 h5
59.e5 h4 60.e6 h3 61.e7  1-0

[Event "Calcutta Goodricke op"]
[Site "Calcutta"]
[Date "1998.02.11"]
[Round "6"]
[White "Komliakov, Viktor"]
[Black "Sareen, Vishal"]
[Result "1/2-1/2"]
[WhiteElo "2510"]
[BlackElo "2320"]

1.e4 c5 2.Nf3 Nc6 3.Bb5 d6 4.Bxc6+ bxc6 5.O-O Bg4 6.d3 e5 7.Nbd2 Be7 8.c3 Nf6
9.Qc2 Qb6 10.h3 Bh5 11.Nh4 Bg6 12.Nc4 Qc7 13.f4 Nh5 14.Nxg6 hxg6 15.fxe5 dxe5
16.Qf2 O-O 17.g4 Nf6 18.Be3 Nd7 19.Qg3 Rad8 20.Rad1 f6 21.Qf2 Qb7 22.b3 Qb5
23.Kg2 Rf7 24.h4 Rff8 25.h5 gxh5 26.gxh5 Qb7 27.Qf5 Nb6 28.Rf3 Nxc4 29.Qe6+ Rf7
30.Qxc4 Qd7 31.Rf5 Kf8 32.Kf3 Bd6 33.Rg1 Ke7 34.Ke2 Qe6 35.Qa6 Qd7 36.Rg6 Rb8
37.Kd2 Qb7 38.Qa3 Qb5 39.Kc2 c4 40.Qxa7+ Rb7 41.dxc4 Rxa7 42.cxb5 Rxa2+ 43.Kd3 cxb5
44.h6 gxh6 45.Bxh6 Ke6 46.Rg7 Rxg7 47.Bxg7 Be7 48.Bh6 Rh2 49.Be3 Rh3 50.Ke2 Rh4  1/2-1/2

[Event "Calcutta Goodricke op"]
[Site "Calcutta"]
[Date "1998.02.12"]
[Round "7"]
[White "Girinath, PDS."]
[Black "Konguveel, Ponnuswamy"]
[Result "1-0"]
[WhiteElo "2340"]
[BlackElo "2430"]

1.e4 c5 2.Nf3 Nc6 3.Bb5 g6 4.O-O Bg7 5.Re1 Nh6 6.c3 O-O 7.h3 f6 8.d4 cxd4
9.cxd4 Nf7 10.Nc3 d6 11.d5 Nb8 12.Nd4 Qa5 13.Bf1 Nd8 14.Be3 Na6 15.a3 Qc7
16.Rc1 Qb8 17.Ncb5 Nf7 18.b4 Bd7 19.Ne6 Bxe6 20.dxe6 Nd8 21.Bc4 Kh8 22.Bd5 Nc6
23.Rxc6 bxc6 24.Bxc6 Rc8 25.Qd5 Rxc6 26.Qxc6 f5  1-0

[Event "Calcutta Goodricke op"]
[Site "Calcutta"]
[Date "1998.02.12"]
[Round "7"]
[White "Nguyen Anh Dung"]
[Black "Ramesh, RB."]
[Result "1-0"]
[WhiteElo "2500"]
[BlackElo "2345"]

1.e4 c5 2.Nf3 Nc6 3.Bb5 e6 4.O-O Nge7 5.Re1 a6 6.Bf1 Ng6 7.c3 Be7 8.d4 cxd4
9.cxd4 d5 10.e5 Nh4 11.Nxh4 Bxh4 12.Qg4 Kf8 13.Nc3 f5 14.Qd1 Qb6 15.Be3 Qxb2
16.Na4 Qa3 17.Nb6 Rb8 18.Rb1 Na7 19.Rb3 Qe7 20.Qb1 Kf7 21.Rc1 Nc6 22.g3 Bg5
23.Nxc8 Rhxc8 24.Bxg5 Qxg5 25.Rxc6  1-0

[Event "Masters 14th"]
[Site "Caldas de Felgueira"]
[Date "1998.02.13"]
[Round "7"]
[White "Leonardo, Joao"]
[Black "Frois, Antonio"]
[Result "1/2-1/2"]
[WhiteElo "2290"]
[BlackElo "2385"]

1.e4 c5 2.Nf3 Nc6 3.Bb5 g6 4.O-O Bg7 5.c3 a6 6.Ba4 Nf6 7.Re1 O-O 8.h3 e5
9.d3 d6 10.Bxc6 bxc6 11.Nbd2 a5 12.Nf1 Nh5 13.d4 cxd4 14.cxd4 exd4 15.Nxd4 Bb7
16.Nf5 Be5 17.Nh6+ Kh8 18.Ng4 Bg7 19.Bh6 Bxh6 20.Nxh6 c5 21.Qb3 Qe7 22.Ng4 f6
23.Rad1 Qc7 24.Qc3 Rae8 25.f3 Re6 26.Nge3 Bc6 27.Nd5 Bxd5 28.Rxd5 Re5 29.Qd2 Rxd5
30.Qxd5 Nf4 31.Qd2 Ne6 32.Ne3 Nd4 33.Nc2 Nxc2 34.Qxc2 Rb8 35.Rd1 Kg7 36.Rd2 Rb6
37.g3 d5 38.Kg2 dxe4 39.Qxe4 c4 40.g4 c3 41.bxc3 Qxc3 42.Qe7+ Kh6 43.Qf8+ Kg5
44.Rf2 h5 45.Kg3 h4+ 46.Kg2 Rb4 47.Qd6 Qe5 48.f4+ Rxf4 49.Qd2 Qe4+ 50.Kh2 a4
51.Rg2 Qd4 52.Qc1 Qd5 53.Qe3 Qe4 54.Qc5+ Qe5 55.Qc1 Qd4 56.a3 Qd5 57.Qe3 Qe4
58.Qc5+ Qe5 59.Qc1 Qd4 60.Rd2 Qc4 61.Rc2 Qd3 62.Rg2 Qd4 63.Rd2 Qe4  1/2-1/2

[Event "Manila m"]
[Site "Manila"]
[Date "1998.02.21"]
[Round "5"]
[White "Torre, Eugenio"]
[Black "Antonio, Rogelio Jr"]
[Result "1/2-1/2"]
[WhiteElo "2560"]
[BlackElo "2520"]

1.e4 c5 2.Nf3 Nc6 3.Bb5 g6 4.O-O Bg7 5.Re1 Nf6 6.c3 O-O 7.h3 Qb6 8.Bf1 e5
9.Na3 d5 10.d3 h6 11.g3 Re8 12.Bg2 Be6 13.Nd2 Rad8 14.Qa4 Qc7 15.Kh2 Qd7
16.exd5 Nxd5 17.Ne4 Qe7 18.Nc4 f5 19.Ned2 Qc7 20.Qb5 a6 21.Qa4 b5 22.Qxa6 bxc4
23.dxc4 Nb6 24.Qb5 Na7 25.Qa5 Rd7 26.b3 e4 27.Nxe4 Nc6 28.Qxc5 fxe4 29.Bf4 Be5
30.Rxe4 Bxf4 31.Rxf4 Ne5 32.Qxc7 Rxc7 33.Rd1 Nbxc4 34.bxc4 Rxc4 35.Rxc4 Nxc4
36.a4 Bf7 37.Rd4 Re5 38.Bf1 Rc5 39.Bg2 Kf8 40.Rd8+ Ke7 41.Rh8 Nb6 42.Rxh6 Nxa4
43.Rh4 Nxc3 44.Bf3 Nd5 45.Re4+ Kf6 46.Kg2 Rc3 47.Rd4 Ne7 48.Rd6+ Be6 49.h4 Ke5
50.Rd2 Nf5 51.Re2+ Kf6 52.Rd2 Bc4 53.Be2 Be6 54.Bf3 Nh6 55.Rd6 Ke5 56.Rd2 Bc4
57.Rb2 Nf5 58.Rb8 Rc2 59.Re8+ Be6 60.Kg1 Kf6 61.Rd8 Rb2 62.Rd1 Nh6 63.Rd4 Nf7
64.Rf4+ Kg7 65.Re4 Bf5 66.Re2 Rb5 67.Bc6 Rc5 68.Be4 Re5 69.Bf3 Ra5 70.Be4 Bg4
71.Rd2 Ra4 72.Bc6 Ra6 73.Be4 Ne5 74.Kg2 Ra4 75.Bd5 Rb4 76.Ba8 Kf6 77.Bd5 Bf5
78.Ba8 Rb8 79.Bf3 Nxf3 80.Kxf3 Rb3+ 81.Kf4 Rb4+ 82.Ke3 Ke5 83.f3 Rb3+ 84.Kf2 Bd3
85.Rd1 Kd4 86.g4 Rb2+ 87.Kg3 Ke3 88.Re1+ Be2 89.Rc1 Rb3 90.Rc6 Bxf3 91.Rxg6 Be4
92.Re6  1/2-1/2

[Event "Cappelle op"]
[Site "Cappelle la Grande"]
[Date "1998.02.28"]
[Round "9"]
[White "Nielsen, Peter Heine"]
[Black "Santo Roman, Marc"]
[Result "1-0"]
[WhiteElo "2505"]
[BlackElo "2375"]

1.e4 c5 2.Nf3 Nc6 3.Bb5 g6 4.Bxc6 dxc6 5.d3 Bg7 6.h3 Nf6 7.Nc3 O-O 8.Be3 Nd7
9.Qd2 Re8 10.Bh6 e5 11.Bxg7 Kxg7 12.O-O-O Nf8 13.Rdf1 Qf6 14.Ne2 Ne6 15.Nh2 Nf4
16.Ng4 Bxg4 17.hxg4 Qg5 18.Nxf4 Qxf4 19.g3 Qxd2+ 20.Kxd2 Rh8 21.Ke3 f6 22.a4 Rad8
23.a5 Rhe8 24.Rb1 Rd4 25.c3 Ra4 26.Ra1 Rxa1 27.Rxa1 Kf7 28.f4 Ke6 29.Rh1 Rh8
30.f5+ Kf7 31.b4 cxb4 32.cxb4 Kg7 33.Rc1 Rc8 34.Rc5 Kf7 35.b5 Ke7 36.Rc2 g5
37.Rh2 Rh8 38.bxc6 bxc6 39.Rb2 Rd8 40.Rb7+ Rd7 41.Rb8 Kd6 42.Kd2 Kc5 43.Kc3 a6
44.Rb6 Ra7 45.Kd2 Ra8 46.Rb7 Rd8 47.Rxh7 Kb5 48.Rf7 Rd6 49.Re7 c5 50.Kc3 Kc6
51.Re8 Kb5 52.Rb8+ Kxa5 53.Kc4 Rd4+ 54.Kxc5 Rxd3 55.Rb1 Rd4 56.Ra1+ Ra4 57.Rxa4+ Kxa4
58.Kd6 Kb5 59.Ke7 a5 60.Kxf6 a4 61.Kxg5 a3 62.f6 a2 63.f7 a1=Q 64.f8=Q Qc1+
65.Kg6 Qc6+ 66.Kf5  1-0

[Event "Cappelle op"]
[Site "Cappelle la Grande"]
[Date "1998.02.28"]
[Round "9"]
[White "Shaw, John"]
[Black "Lazarev, Vladimir"]
[Result "1-0"]
[WhiteElo "2380"]
[BlackElo "2490"]

1.e4 c5 2.Nf3 Nc6 3.Bb5 e6 4.O-O Nge7 5.Nc3 Nd4 6.Bd3 Nec6 7.Nxd4 cxd4 8.Ne2 Bc5
9.c3 dxc3 10.dxc3 b6 11.Bf4 Bb7 12.Bc2 Be7 13.Qd3 g5 14.Bg3 h5 15.h3 Bf6
16.Nd4 Ne5 17.Qe2 a6 18.Rad1 Qe7 19.Nf3 Qc5 20.Bxe5 Bxe5 21.Qd2 O-O-O 22.Qxg5 f6
23.Qd2 Bb8 24.Qd4 Qc7 25.Rfe1 Rhg8 26.Kf1 f5 27.Bd3 Rdf8 28.Re3 fxe4 29.Bxe4 d5
30.Bd3 Rf4 31.Qe5 Qxe5 32.Nxe5 d4 33.cxd4 Rxg2 34.Rd2 Rxd4 35.Nf3 Rxd3 36.Rexd3 Rg8
37.Rc2+ Bc7 38.Rdc3 Rg7 39.Nd4 Bd5 40.Re3 Rg6 41.Rec3 Rg7 42.Re3 Rg6 43.Re5 Bg2+
44.Ke1 Bxh3 45.Rxh5 Rg1+ 46.Kd2 Bg4 47.Rh8+ Kb7 48.Rh7 Rd1+ 49.Ke3 Re1+ 50.Ne2 Rxe2+
51.Rxe2 Bxe2 52.Kxe2 Kc6 53.Kd3 Bd6 54.Ke4 Bc5 55.f3 Kd6 56.Ra7 a5 57.a4 Bb4
58.Rg7 Bc5 59.f4 Bb4 60.Rg6 Ke7 61.f5 exf5+ 62.Kxf5 Bc5 63.Ke5 Kd7 64.Kd5 Be3
65.Rg7+ Kc8 66.Kc6 Kb8 67.Rb7+ Ka8 68.Rxb6  1-0

[Event "CZE-chT 9798"]
[Site "CZE"]
[Date "1998.03.08"]
[Round "9"]
[White "Rasik, Vitezslav"]
[Black "Nun, Jiri"]
[Result "1/2-1/2"]
[WhiteElo "2455"]
[BlackElo "2375"]

1.e4 c5 2.Nf3 Nc6 3.Bb5 e6 4.O-O Nge7 5.c3 d5 6.exd5 Qxd5 7.Re1 Bd7 8.Na3 Ng6
9.Bc4 Qh5 10.Be2 Nf4 11.Bf1 Nd5 12.c4 Nc7 13.Nc2 Rd8 14.d4 cxd4 15.Bg5 f6
16.Bf4 Na6 17.Be2 Qf7 18.Nfxd4 Nxd4 19.Nxd4 Bb4 20.Bd2 Bxd2 21.Qxd2 O-O 22.Bf3 Bc8
23.Qc3 Nc7 24.b4 e5 25.Nb3 b6 26.a4 Be6 27.Rac1 Ne8 28.Nd2 Rd4 29.Re4 Rd8
30.c5 bxc5 31.bxc5 Nc7 32.Nc4 Nd5 33.Qe1 Rb8 34.Nd6 Qd7 35.g3 Rb2 36.Re2 Rxe2
37.Qxe2 Qxa4 38.Qd1 Qxd1+ 39.Rxd1 Ne7 40.Ra1 Nc8 41.Nb5 Rf7 42.Be2 Kf8 43.Ra6 Bd5
44.f3 Bb7 45.Ra2 Bc6 46.Nd6 Nxd6 47.cxd6 Rb7 48.Ra6 Bd7 49.Bc4 Ke8 50.Bd5 Rb6
51.Rxb6 axb6 52.Kf2 Kd8 53.Ke3 Kc8 54.f4 exf4+ 55.Kxf4 b5 56.Ke3 Bg4 57.Kd4 g5
58.Kc5 Bd7 59.Be4 f5 60.Bd3 h5 61.Kd5 g4 62.Ke5 b4 63.Bc4 Kd8 64.Bb3 Ke8
65.Kf4 Bc8 66.Ba4+ Kd8 67.Ke5 Ba6 68.Bc2 Bc4 69.Bxf5 b3 70.Kd4 Bf7 71.Kc3 Ke8
72.Kb2 Kd8  1/2-1/2

[Event "Budapest FS03 IM"]
[Site "Budapest"]
[Date "1998.03.13"]
[Round "7"]
[White "De Gleria, Francesco"]
[Black "Grabics, Monika"]
[Result "1-0"]
[WhiteElo "2245"]
[BlackElo "2345"]

1.e4 c5 2.Nf3 Nc6 3.Bb5 e5 4.O-O Nge7 5.c3 g6 6.d4 cxd4 7.cxd4 exd4 8.Nxd4 Bg7
9.Be3 O-O 10.Nc3 a6 11.Be2 b5 12.Nxc6 dxc6 13.Bc5 Qc7 14.Qd6 Qxd6 15.Bxd6 Re8
16.a4 Bb7 17.Rfd1 Rad8 18.Bc5 Nc8 19.f4 Bf8 20.Bxf8 Kxf8 21.e5 f6 22.Ne4 Rxd1+
23.Bxd1 fxe5 24.Nc5 Re7 25.fxe5 Nb6 26.Bg4 Nxa4 27.Rf1+ Ke8 28.Ne6 Rf7 29.Rxf7 Kxf7
30.Nd8+ Ke7 31.Nxb7 Nxb2 32.Na5 c5 33.Bc8 c4 34.Nc6+ Kf8 35.Bxa6 c3 36.Nb4 Nc4
37.Bxb5 Nxe5 38.Ba4 Kg7 39.Nd5 h5 40.Nxc3 Kf6 41.Bc2 Ng4 42.h3 Ne5 43.Nd5+ Kg5
44.Kf2 Kh6 45.Ne7 g5 46.Ke3 h4 47.Nf5+ Kh5 48.Kd4 Nd7 49.Ba4 Nf6 50.Ke5 Kg6
51.Ne3 Ng8 52.Ke6 Nf6 53.Ng4 Ng8 54.Be8+ Kg7 55.Bf7 Nh6 56.Nxh6 Kxh6 57.Kf5 Kg7
58.Kxg5  1-0

[Event "JUG-ch53"]
[Site "Belgrade "]
[Date "1998.03.16"]
[Round "3"]
[White "Markovic, Miroslav"]
[Black "Velimirovic, Dragoljub"]
[Result "1-0"]
[WhiteElo "2540"]
[BlackElo "2535"]

1.e4 c5 2.Nf3 Nc6 3.Bb5 g6 4.O-O Bg7 5.Re1 Nf6 6.e5 Nd5 7.Nc3 Nc7 8.Bxc6 dxc6
9.Ne4 Ne6 10.d3 O-O 11.Be3 b6 12.Qd2 Re8 13.Bh6 Bh8 14.Neg5 f6 15.Nxe6 Bxe6
16.Qf4 Bd5 17.Nd2 fxe5 18.Qg3 Qd7 19.c4 Be6 20.Re3 Rad8 21.Rae1 e4 22.Nxe4 Bf5
23.b3 Bxe4 24.Rxe4 Qxd3 25.Qg4 e5 26.f4 Rd4 27.f5 Rxe4 28.Rxe4 Qb1+ 29.Kf2 Qxa2+
30.Kg3 Qxb3+ 31.Be3 Qd3 32.fxg6 h6 33.Qf5 Re7 34.Qc8+ Kg7 35.Qxc6 Qd7 36.Bxh6+ Kxh6
37.Rh4+ Kg7 38.Rh7+ Kg8 39.Qxd7 Rxd7 40.Rxd7  1-0

[Event "New York op"]
[Site "New York"]
[Date "1998.03.18"]
[Round "5"]
[White "Sulskis, Sarunas"]
[Black "Yakovich, Yuri"]
[Result "1-0"]
[WhiteElo "2485"]
[BlackElo "2570"]

1.e4 c5 2.Nf3 Nc6 3.Bb5 g6 4.Bxc6 bxc6 5.O-O Bg7 6.Re1 Nh6 7.c3 O-O 8.d4 cxd4
9.cxd4 d6 10.Nc3 Bd7 11.h3 Qa5 12.Bd2 Qh5 13.Ne2 f6 14.Qb3+ Nf7 15.e5 Rfb8
16.Qc4 d5 17.Qc3 Ng5 18.Nxg5 fxg5 19.g4 Qh4 20.Kg2 Rf8 21.f3 Rf7 22.Rh1 e6
23.Qc1 Rxf3 24.Be1  1-0

[Event "ISR-chT"]
[Site "Israel"]
[Date "1998.03.19"]
[Round "7"]
[White "Rechlis, Gad"]
[Black "Botvinnik, Ilia"]
[Result "1-0"]
[WhiteElo "2520"]
[BlackElo "2370"]

1.e4 c5 2.Nf3 Nc6 3.Bb5 e6 4.Bxc6 bxc6 5.O-O Ne7 6.d3 Ng6 7.Ng5 h6 8.Nh3 d6
9.f4 e5 10.f5 Ne7 11.Nd2 Ng8 12.Nc4 Nf6 13.Qf3 Be7 14.Qg3 Kf8 15.Nf2 Nh7
16.a3 Bh4 17.Qf3 Ng5 18.Qh5 Bxf2+ 19.Rxf2 Nh7 20.b4 cxb4 21.axb4 f6 22.Be3 Kg8
23.Nb6 Rb8 24.Rxa7 Bb7 25.c3 Nf8 26.Rfa2 Kh7 27.Qf7  1-0

[Event "Szeged TT03 IM"]
[Site "Szeged"]
[Date "1998.03.22"]
[Round "4"]
[White "Nanu, Ciprian"]
[Black "Papp Z, Csaba"]
[Result "1/2-1/2"]
[WhiteElo "2325"]
[BlackElo "2350"]

1.e4 c5 2.Nf3 Nc6 3.Bb5 Nd4 4.Nxd4 cxd4 5.O-O Qb6 6.Ba4 e6 7.d3 Be7 8.f4 Nf6
9.Bb3 d6 10.f5 Bd7 11.Kh1 h5 12.fxe6 fxe6 13.Qf3 O-O-O 14.Bg5 Rdf8 15.Bxf6 Rxf6
16.Qe2 Rxf1+ 17.Qxf1 Rf8 18.Qe2 g5 19.Nd2 g4 20.Rf1 Qd8 21.Kg1 Bg5 22.Nc4 Kc7
23.a4 Rxf1+ 24.Qxf1 Qf6 25.Qxf6 Bxf6 26.Kf2 Bg5 27.c3 Bf6 28.cxd4 Bxd4+ 29.Kg3 d5
30.Na3 Kc6 31.Nb5 Bxb2 32.Nxa7+ Kc5 33.exd5 exd5 34.Kh4 Be8 35.h3 gxh3 36.Kxh3 Bg6
37.Bc2 Kd4 38.Nb5+ Ke3 39.Nd6 b6 40.Bb3 Be5 41.Nb7 Kd4 42.a5 bxa5 43.Nxa5 Be8
44.Bd1 Bc7 45.Nb3+ Kxd3 46.Bf3 Bf7 47.g4 hxg4+ 48.Bxg4 Ke3 49.Nc5 Be8 50.Ne6 Bb6
51.Bf5 Bb5 52.Kg4 Be2+ 53.Kg5 Kd2 54.Kf6 Bc4 55.Ke5 Kc3 56.Bh3 Ba7 57.Kd6 Kb4
58.Bg2 d4 59.Nxd4 Bxd4 60.Kc6 Bb5+ 61.Kb7 Ka5 62.Ka8 Ka6 63.Bb7+ Kb6 64.Bg2 Bc4
65.Bf3 Ba6 66.Bg2 Bb7+  1/2-1/2

[Event "JUG-ch53"]
[Site "Belgrade "]
[Date "1998.03.25"]
[Round "11"]
[White "Damljanovic, Branko"]
[Black "Velimirovic, Dragoljub"]
[Result "1-0"]
[WhiteElo "2540"]
[BlackElo "2535"]

1.Nf3 c5 2.e4 Nc6 3.Bb5 g6 4.O-O Bg7 5.Re1 Nd4 6.Nxd4 cxd4 7.c3 e6 8.e5 Ne7
9.cxd4 O-O 10.Nc3 a6 11.Ba4 d5 12.Ne2 b5 13.Bb3 a5 14.a4 b4 15.d3 Nf5 16.Be3 f6
17.exf6 Qxf6 18.Qd2 Ra7 19.Rac1 Nxe3 20.Qxe3 Raf7 21.Rf1 g5 22.Rc6 Qf5 23.f3 h5
24.Rfc1 Bd7 25.Rd6 Kh7 26.Ng3 Qf6 27.Bxd5 Bh6 28.Nxh5 Qe7 29.Qe4+ Kh8 30.Rxd7 Qxd7
31.Bxe6  1-0

[Event "Hampstead GM"]
[Site "Hampstead"]
[Date "1998.03.28"]
[Round "6"]
[White "McDonald, Neil R"]
[Black "Grivas, Efstratios"]
[Result "1-0"]
[WhiteElo "2485"]
[BlackElo "2495"]

1.e4 c5 2.Nf3 Nc6 3.Bb5 d6 4.O-O Bd7 5.Re1 Nf6 6.c3 a6 7.Bf1 Bg4 8.d3 e6
9.Nbd2 Be7 10.h3 Bh5 11.a3 d5 12.g4 Bg6 13.Nh4 dxe4 14.Nxg6 hxg6 15.Nxe4 Qc7
16.f4 Nxe4 17.Rxe4 g5 18.Qe2 O-O-O 19.fxg5 g6 20.b4 Rd5 21.Bf4 Qd8 22.bxc5 Bxc5+
23.Kg2 Bd6 24.Rb1 Bxf4 25.Rxf4 Qc7 26.Qf2 Rh7 27.Kg1 Rxg5 28.Bg2 Rb5 29.Rxb5 axb5
30.a4 bxa4 31.Rxa4 Kd7 32.Bxc6+ Qxc6 33.Rc4 Qa6 34.Qc5 b5 35.Rd4+ Ke8 36.Rd6 Qa1+
37.Kf2 Qa5 38.g5 Rxh3 39.Qc8+ Ke7 40.Rd7+  1-0

[Event "Hampstead GM"]
[Site "Hampstead"]
[Date "1998.03.29"]
[Round "7"]
[White "Dunnington, Angus J"]
[Black "Burnett, Ronald"]
[Result "0-1"]
[WhiteElo "2390"]
[BlackElo "2400"]

1.e4 c5 2.Nf3 Nc6 3.Bb5 g6 4.Bxc6 bxc6 5.O-O Nf6 6.e5 Nd5 7.c4 Nc7 8.Nc3 Bg7
9.Re1 O-O 10.d4 cxd4 11.Nxd4 c5 12.Nb3 Ne6 13.Qd5 Ba6 14.Nxc5 Nxc5 15.Qxc5 d6
16.Qc6 Qa5 17.exd6 exd6 18.Be3 Rab8 19.Qd5 Qxd5 20.cxd5 Rxb2 21.Rac1 Re8
22.h3 f5 23.Red1 Rc8 24.Bd4 Bh6 25.Rb1 Rc2 26.Rb3 Bc4 27.Ra3 a6 28.Na4 Rxa2
29.Rxa2 Bxa2 30.Nb6 Rc1 31.Rxc1 Bxc1 32.Bc3 Ba3 33.Ba5 Kf7 34.f4 Ke8 35.Kf1 Bc5
36.Ke2 Bxb6 37.Bxb6 Bxd5 38.g3 Kd7 39.Kd3 Kc6 40.Bd8 Kc5 41.Bc7 Bg2 42.h4 d5
43.Be5 a5 44.Kc3 a4 45.Bg7 Bf1 46.Bf8+ Kc6 47.Kd4 Bc4 48.Ba3 Kd7 49.Kc5 Ke6
50.Bb2 Kf7 51.Kb4 Bb3 52.Ka3 d4 53.Bxd4 Ke6 54.Bb6 Bd1 55.h5 Bxh5 56.Kxa4 Kd5
57.Kb4 Ke4 58.Bd8 Kf3 59.Bh4 h6 60.Kc3 Kg4 61.Bf6 Kxg3 62.Bg7 Kxf4 63.Bxh6+ g5
64.Kd2 Kg4 65.Ke3 Bg6 66.Kf2 f4 67.Bf8 Kf5 68.Be7 Be8  0-1

[Event "FRA-chT"]
[Site "FRA"]
[Date "1998.04.03"]
[Round "5"]
[White "Degraeve, Jean Marc"]
[Black "Belkhodja, Slim"]
[Result "1-0"]
[WhiteElo "2525"]
[BlackElo "2405"]

1.e4 c5 2.Nf3 Nc6 3.Bb5 d6 4.O-O Bd7 5.Re1 Nf6 6.c3 a6 7.Bf1 Bg4 8.h3 Bxf3
9.Qxf3 e5 10.Na3 Be7 11.Nc4 O-O 12.Ne3 Ne8 13.g3 Bg5 14.Nf5 g6 15.h4 gxf5
16.hxg5 fxe4 17.Rxe4 f5 18.Rh4 Qxg5 19.d4 Qg6 20.dxc5 dxc5 21.Be3 Nf6 22.Bxc5 Rfd8
23.Bd3 e4 24.Bc4+ Kh8 25.Qf4 Ng4 26.Be2 Rd5 27.Bb6 e3 28.Bxe3 Nxe3 29.Qxe3 Re5
30.Qf3 Re4 31.Rxe4 fxe4 32.Qe3 Rf8 33.Rd1 Ne5 34.Rd5 Nf3+ 35.Bxf3 exf3 36.Qd4+ Kg8
37.Rd8 Qe6 38.Rxf8+ Kxf8 39.Qf4+  1-0

[Event "FRA-chT"]
[Site "FRA"]
[Date "1998.04.03"]
[Round "5"]
[White "Boudre, Jean Pierre"]
[Black "Guidarelli, Laurent"]
[Result "1-0"]
[WhiteElo "2380"]
[BlackElo "2225"]

1.e4 c5 2.Nf3 Nc6 3.Bb5 Nd4 4.Nxd4 cxd4 5.c4 e6 6.O-O Bc5 7.d3 Qh4 8.f4 Nh6
9.Nd2 f5 10.a3 a6 11.Ba4 b5 12.b4 Ba7 13.cxb5 axb5 14.Bxb5 Bb7 15.Nf3 Qe7
16.Bb2 fxe4 17.dxe4 d3+ 18.Kh1 Bxe4 19.Bxd3 Bd5 20.Ng5 Nf7 21.Qh5 g6 22.Qh3 Nxg5
23.fxg5 Rf8 24.Rxf8+ Qxf8 25.Rf1 Qd6 26.Bxg6+ Kd8 27.Bxh7 Rc8 28.Qg3 Rc2
29.Bxc2  1-0

[Event "Vecernjakov GP"]
[Site "Sarajevo"]
[Date "1998.04.03"]
[Round "4"]
[White "Jakupovic, Neven"]
[Black "Kozul, Zdenko"]
[Result "0-1"]
[WhiteElo "2150"]
[BlackElo "2585"]

1.e4 c5 2.Nf3 Nc6 3.Bb5 Na5 4.Be2 b6 5.Nc3 Bb7 6.d4 cxd4 7.Nxd4 g6 8.Be3 Bg7
9.O-O Nf6 10.e5 Ne4 11.Nxe4 Bxe4 12.f3 Bb7 13.f4 O-O 14.c4 d6 15.e6 f5 16.Rc1 Qc8
17.Re1 Nc6 18.Bf3 Nxd4 19.Bxb7 Qxb7 20.Bxd4 Bxd4+ 21.Qxd4 Rac8 22.b4 Qa6
23.Rc2 Rc7 24.h3 Rfc8 25.Rec1 Qa3 26.Qd2 a5 27.b5 Rc5 28.Kh2 Qa4 29.Qe3 d5
30.Rd2 dxc4 31.Rcd1 c3 32.Rd8+ Rxd8 33.Rxd8+ Kg7 34.Rd4 Qa3 35.Rd7 Rc8 36.Qd4+ Kg8
37.Rd8+ Rxd8 38.Qxd8+ Kg7 39.Qe8 Qd6 40.Qf7+ Kh6 41.Kg3 c2 42.Qf8+ Kh5 43.Qg7 h6  0-1

[Event "CZE-chT 9798"]
[Site "CZE"]
[Date "1998.04.04"]
[Round "10"]
[White "Jansa, Vlastimil"]
[Black "Schula, Michal"]
[Result "1-0"]
[WhiteElo "2480"]
[BlackElo "2290"]

1.e4 c5 2.Nf3 Nc6 3.Bb5 Qb6 4.Nc3 e6 5.O-O Nd4 6.a4 Ne7 7.a5 Qc7 8.Nxd4 cxd4
9.Ne2 Nc6 10.d3 Bc5 11.Bd2 a6 12.Bc4 O-O 13.f4 Ne7 14.Bb3 f5 15.Kh1 b5 16.c3 dxc3
17.Bxc3 b4 18.Be1 fxe4 19.dxe4 Bb7 20.Qd3 Kh8 21.Rc1 Qxa5 22.Qxd7 Bxe4 23.Qxe6 Bd3
24.Rf3 Bxe2 25.Qxe2 Qb6 26.Rd3 Nf5 27.Qc2 Be3 28.Qc6 a5 29.g3 Rae8 30.Qxb6 Bxb6
31.Bd2 Nd4 32.Ba4 Re2 33.Bd1 Re7 34.Kg2 Nf5 35.Bf3 Ne3+ 36.Kh1 Nf5 37.Rd5 Nd4
38.Bd1 h6 39.Rd6 Ba7 40.Ra6 Rd8 41.Rxa5 Nc6 42.Rxc6 Rxd2 43.Rc8+ Kh7 44.Bc2+ g6
45.Re5 Red7 46.Ree8 Bd4 47.f5 Bxb2 48.fxg6+ Kg7 49.Rg8+ Kf6 50.Rcf8+ Kg5
51.Rf5+ Kg4 52.Rf4+ Kh5 53.Bf5 Rd1+ 54.Kg2 R7d2+ 55.Kh3 Kg5 56.Bg4  1-0

[Event "FRA-chT"]
[Site "FRA"]
[Date "1998.04.05"]
[Round "7"]
[White "Maier, Christian"]
[Black "Boyd, Stephen"]
[Result "0-1"]
[WhiteElo "2380"]
[BlackElo "2355"]

1.e4 c5 2.Nf3 Nc6 3.Bb5 e6 4.Nc3 Nge7 5.d4 cxd4 6.Nxd4 Nxd4 7.Qxd4 Nc6 8.Qe3 Be7
9.O-O O-O 10.Rd1 Qc7 11.Qf4 d6 12.Be3 Ne5 13.Qg3 Kh8 14.Bd4 g5 15.f4 gxf4
16.Qxf4 f6 17.Rf1 Rg8 18.Qh4 Rg6 19.Be8 Rg8 20.Bh5 Bd7 21.Rae1 Rg7 22.Re3 Rag8
23.Rf2 b5 24.Rh3 f5 25.Qf4 Bg5 26.Qg3 f4 27.Rxf4 Bxf4 28.Qxf4 Rxg2+ 29.Kf1 R2g7
30.Qf6 Qd8 31.Bxe5 dxe5 32.Qxe5 Qc7 33.Qd4  0-1